[Event "4th GRENKE Open 2019"]
[Site "Karlsruhe"]
[Date "2019.04.20"]
[Round "5.109"]
[White "Roser, Kevin"]
[Black "Hill, Alistair"]
[Result "1/2-1/2"]
[WhiteElo "2362"]
[BlackElo "2199"]
[Annotator "NA"]
[PlyCount "96"]
[EventDate "2019.04.18"]
[EventType "swiss"]
[EventCountry "GER"]
[SourceTitle "playchess.com"]
[Source "ChessBase"]
[SourceQuality "1"]

1. e4 e6 2. d4 d5 3. Nc3 Nf6 4. e5 Nfd7 5. f4 c5 6. Nf3 Nc6 7. Be3 a6 8. Qd2 b5 9. dxc5 Bxc5 10. Bd3 Qb6 11. Bf2 h6 12. O-O O-O 13. a3 Ra7 14. Rae1 Bxf2+ 15. Rxf2 Nc5 16. Kh1 Nxd3 17. cxd3 a5 18. Rc1 Ne7 19. Qe1 Bd7 20. Rfc2 Rc8 21. Qg1 Qxg1+ 22. Kxg1 Rac7 23. Nd4 f6 24. exf6 gxf6 25. Nce2 Rxc2 26. Rxc2 Rxc2 27. Nxc2 e5 28. fxe5 fxe5 29. d4 Kf7 30. dxe5 Ke6 31. Nf4+ Kxe5 32. Nd3+ Kd6 33. Kf2 Bf5 34. Ke3 Ng6 35. Nd4 Bxd3 36. Kxd3 Nf4+ 37. Kc3 Nxg2 38. Nxb5+ Kc5 39. Nd4 Ne3 40. b4+ axb4+ 41. axb4+ Kb6 42. Kd3 Ng4 43. h4 h5 44. Ne2 Ne5+ 45. Kd4 Nf3+ 46. Kxd5 Nxh4 47. Nf4 Kb5 48. Nxh5 Kxb4 1/2-1/2

[Event "4th GRENKE Open 2019"]
[Site "Karlsruhe"]
[Date "2019.04.20"]
[Round "5.110"]
[White "Kumala, Aleksander"]
[Black "Stark, Lars"]
[Result "0-1"]
[WhiteElo "2190"]
[BlackElo "2362"]
[Annotator "NA"]
[PlyCount "102"]
[EventDate "2019.04.18"]
[EventType "swiss"]
[EventCountry "GER"]
[SourceTitle "playchess.com"]
[Source "ChessBase"]
[SourceQuality "1"]

1. d4 Nf6 2. Bg5 d5 3. Bxf6 gxf6 4. e3 c5 5. dxc5 Nc6 6. Nc3 e6 7. Qh5 Bxc5 8. O-O-O Qe7 9. Nf3 Bd7 10. e4 d4 11. Nb5 O-O-O 12. Nbxd4 Kb8 13. Nxc6+ Bxc6 14. Rxd8+ Rxd8 15. Qxh7 Qd6 16. Bd3 f5 17. Qh4 fxe4 18. Bxe4 Bxf2 19. Qxf2 Qf4+ 20. Kb1 Bxe4 21. Qg3 Qxg3 22. hxg3 Rc8 23. Rc1 Rg8 24. Ne5 Rg7 25. Rd1 Rxg3 26. Rd8+ Kc7 27. Rd7+ Kb6 28. Rxf7 Rxg2 29. Nd3 Rg1+ 30. Nc1 Bf5 31. Rd7 Rg2 32. Nd3 Rg1+ 33. Nc1 Rg2 34. Nd3 Bxd3 35. cxd3 Re2 36. a3 Kc6 37. Rd8 a5 38. Rc8+ Kd5 39. Rc2 Re3 40. Rd2 Kd4 41. Kc2 e5 42. Rd1 b5 43. Rd2 b4 44. axb4 axb4 45. Rd1 Rf3 46. Rd2 Rh3 47. b3 Rf3 48. Rd1 Rg3 49. Rd2 Re3 50. Rd1 Re2+ 51. Rd2 Ke3 0-1

[Event "4th GRENKE Open 2019"]
[Site "Karlsruhe"]
[Date "2019.04.20"]
[Round "5.111"]
[White "Sinz, Bernhard"]
[Black "Kardoeus, David"]
[Result "1/2-1/2"]
[WhiteElo "2361"]
[BlackElo "2189"]
[Annotator "ChessBase"]
[PlyCount "142"]
[EventDate "2019.04.18"]
[EventType "swiss"]
[EventCountry "GER"]
[SourceTitle "playchess.com"]
[Source "ChessBase"]
[SourceQuality "1"]

1. e4 c5 2. Nf3 Nc6 3. d4 cxd4 4. Nxd4 Nf6 5. Nc3 e5 6. Ndb5 d6 7. Bg5 a6 8. Na3 b5 9. Nd5 Be7 10. Nxe7 Nxe7 11. Bd3 d5 12. exd5 Qxd5 13. Qd2 Ne4 14. Qe3 Nxg5 15. Qxg5 Kf8 16. O-O-O f6 17. Qe3 Bb7 18. f4 Qd4 19. Qxd4 exd4 20. Rd2 Kf7 21. Re1 Rhe8 22. Rde2 Bd5 23. Bxb5 axb5 24. Nxb5 Rad8 25. Nxd4 f5 26. Ne6 Bxe6 27. Rxe6 Nd5 28. R6e5 Rxe5 29. Rxe5 Kf6 30. g3 g5 31. c4 Nb4 32. Rb5 Nd3+ 33. Kc2 gxf4 34. gxf4 Nxf4 35. a4 Ne6 36. Rd5 Nd4+ 37. Kc3 Rxd5 38. cxd5 Ke5 39. d6 Nc6 40. d7 Kd6 41. a5 Kxd7 42. b4 Kc7 43. Kc4 f4 44. b5 Nxa5+ 45. Kd4 f3 46. Ke3 Nc4+ 47. Kxf3 Kd7 48. Ke4 Nd6+ 49. Kf4 Ke6 50. Kg5 Kf7 51. Kh6 Kg8 52. b6 Nb7 53. Kh5 Kg7 54. Kg5 Nd6 55. Kh5 h6 56. Kg4 Kg6 57. Kf4 Kh5 58. Kg3 Kg5 59. Kf3 Kh4 60. Kg2 Kg4 61. Kf2 Kh3 62. Kf3 h5 63. Kf4 Kh4 64. Kf3 Nb7 65. Kf4 Nc5 66. Kf5 Nb7 67. Kg6 Kg4 68. h3+ Kh4 69. Kh6 Nc5 70. Kg6 Nb7 71. Kh6 Nc5 1/2-1/2

[Event "4th GRENKE Open 2019"]
[Site "Karlsruhe"]
[Date "2019.04.20"]
[Round "5.112"]
[White "Gehmlich, Marcel"]
[Black "Van Delft, Merijn"]
[Result "1/2-1/2"]
[WhiteElo "2189"]
[BlackElo "2359"]
[Annotator "NA"]
[PlyCount "70"]
[EventDate "2019.04.18"]
[EventType "swiss"]
[EventCountry "GER"]
[SourceTitle "playchess.com"]
[Source "ChessBase"]
[SourceQuality "1"]

1. c4 c6 2. Nc3 d5 3. cxd5 cxd5 4. d4 Nf6 5. Nf3 Nc6 6. Bf4 Nh5 7. Be5 f6 8. Bg3 Nxg3 9. hxg3 g6 10. Qb3 e6 11. e3 Bg7 12. Bd3 O-O 13. O-O-O f5 14. Kb1 a6 15. Na4 b5 16. Nc5 Ra7 17. Rc1 Qd6 18. Rhd1 Rc7 19. Be2 Rd8 20. Rc2 Na5 21. Qb4 Nc4 22. Nd3 Qb6 23. Rdc1 a5 24. Qe1 Bd7 25. Nde5 Be8 26. Ka1 Rdc8 27. Qd1 a4 28. Nxc4 dxc4 29. Ne5 a3 30. b3 Bxe5 31. dxe5 cxb3 32. axb3 Rxc2 33. Rxc2 Rxc2 34. Qxc2 b4 35. Qc4 Qc6 1/2-1/2

[Event "4th GRENKE Open 2019"]
[Site "Karlsruhe"]
[Date "2019.04.21"]
[Round "6.1"]
[White "Indjic, Aleksandar"]
[Black "Korobov, Anton"]
[Result "0-1"]
[WhiteElo "2592"]
[BlackElo "2675"]
[Annotator "TA"]
[PlyCount "70"]
[EventDate "2019.04.18"]
[EventType "swiss"]
[EventCountry "GER"]
[SourceTitle "playchess.com"]
[Source "ChessBase"]
[SourceQuality "1"]

1. e4 c5 2. Nf3 d6 3. d4 cxd4 4. Nxd4 Nf6 5. Nc3 a6 6. Be2 e6 7. a4 Nc6 8. Be3 Be7 9. O-O O-O 10. Nb3 b6 11. f4 Bb7 12. Bf3 Qc7 13. Qe2 Na5 14. Nxa5 bxa5 15. f5 d5 16. fxe6 dxe4 17. Bg4 Qc6 18. exf7+ Rxf7 19. Bf5 Re8 20. Kh1 Bb4 21. Nd1 Ref8 22. Nf2 g6 23. Bh3 Nd5 24. Bd4 Nf4 25. Ng4 h5 26. Rxf4 Rxf4 27. Ne5 Qd5 28. c3 e3 29. Rg1 Rxd4 30. cxd4 Qe4 31. Nf3 Kh8 32. Rf1 Bd5 33. Rc1 Qxf3 34. gxf3 Bxf3+ 35. Qxf3 Rxf3 0-1

[Event "4th GRENKE Open 2019"]
[Site "Karlsruhe"]
[Date "2019.04.21"]
[Round "6.2"]
[White "Goganov, Aleksey"]
[Black "Kuzubov, Yuriy"]
[Result "1-0"]
[WhiteElo "2580"]
[BlackElo "2653"]
[Annotator "ChessBase"]
[PlyCount "97"]
[EventDate "2019.04.18"]
[EventType "swiss"]
[EventCountry "GER"]
[SourceTitle "playchess.com"]
[Source "ChessBase"]
[SourceQuality "1"]

1. Nf3 d5 2. e3 c6 3. c4 Bf5 4. cxd5 cxd5 5. Nc3 Nf6 6. Qb3 Bc8 7. Ne5 e6 8. d4 Be7 9. Bd3 Nc6 10. f4 Nd7 11. O-O O-O 12. Bd2 Nb6 13. a4 a5 14. Rfc1 Nb4 15. Bb5 Bd7 16. Nxd7 Nxd7 17. Na2 Nxa2 18. Rxa2 Bd6 19. Bd3 Qb6 20. Qb5 Rfd8 21. b3 Qa7 22. Rac2 Nf6 23. h3 Ne8 24. Be2 Ba3 25. Ra1 Be7 26. Qd3 Qb6 27. Qb5 Qa7 28. Bf3 Nd6 29. Qd3 Qb6 30. Rac1 f5 31. g4 Ne4 32. Bxe4 fxe4 33. Qb5 Qxb5 34. axb5 Bd6 35. Ra1 Rdc8 36. Rxa5 Rxc2 37. Rxa8+ Kf7 38. Be1 Be7 39. Kf1 g5 40. Ra7 gxf4 41. Rxb7 Ke8 42. b6 Bd6 43. Rxh7 fxe3 44. b7 e5 45. dxe5 Bxe5 46. Rh5 Bc7 47. Rxd5 Ke7 48. Rd4 e2+ 49. Kg2 1-0

[Event "4th GRENKE Open 2019"]
[Site "Karlsruhe"]
[Date "2019.04.21"]
[Round "6.4"]
[White "Annaberdiev, Meilis"]
[Black "Sarana, Alexey"]
[Result "0-1"]
[WhiteElo "2525"]
[BlackElo "2630"]
[Annotator "ChessBase"]
[PlyCount "179"]
[EventDate "2019.04.18"]
[EventType "swiss"]
[EventCountry "GER"]
[SourceTitle "playchess.com"]
[Source "ChessBase"]
[SourceQuality "1"]

1. c4 e6 2. Nf3 Nf6 3. e3 d5 4. b3 Bd6 5. Bb2 Nbd7 6. cxd5 exd5 7. Be2 c6 8. O-O O-O 9. d3 Re8 10. Nbd2 a5 11. a3 Nc5 12. h3 Bf5 13. Qc2 h6 14. Rfe1 Bh7 15. Bf1 Ncd7 16. Bc3 Qc7 17. Qb2 Re7 18. b4 Ne5 19. Nxe5 Bxe5 20. Bxe5 Rxe5 21. Nb3 axb4 22. axb4 Ree8 23. Qc3 Bf5 24. Rec1 Qb6 25. Nd4 Bd7 26. Ra3 Rec8 27. Be2 Ne8 28. Rca1 Rxa3 29. Qxa3 Nd6 30. Qa5 Qxa5 31. Rxa5 Kf8 32. Nb3 Ke7 33. Kf1 Kd8 34. Ke1 Kc7 35. Kd2 Re8 36. Ra1 g6 37. h4 h5 38. g3 Kb6 39. Nc5 Bh3 40. d4 Bg4 41. Bd3 Bf5 42. Be2 Bg4 43. Bd3 Kc7 44. Ra7 Kb8 45. Ra1 Re7 46. Ra2 Bc8 47. Na4 Bg4 48. Nb6 Kc7 49. Na8+ Kd8 50. Nb6 Be6 51. Ra5 Kc7 52. Na8+ Kb8 53. Nb6 Bf5 54. Bxf5 Nxf5 55. b5 Kc7 56. Na8+ Kb8 57. Nb6 Nd6 58. bxc6 bxc6 59. Ra2 Ne4+ 60. Ke1 Rb7 61. Na4 Rb1+ 62. Ke2 Rc1 63. Kf3 f6 64. Kg2 g5 65. f3 Nd6 66. Nc5 gxh4 67. gxh4 Nf5 68. Kf2 Rh1 69. Rb2+ Kc8 70. Rb6 Kc7 71. Rb7+ Kd8 72. Rf7 Rh2+ 73. Kg1 Re2 74. Rxf6 Nxh4 75. e4 dxe4 76. fxe4 Ke7 77. Rf4 Ng6 78. Rf2 Re1+ 79. Rf1 Re3 80. Kf2 Rc3 81. Rg1 Kf7 82. Ra1 h4 83. Ra7+ Kg8 84. Nd7 h3 85. Nf6+ Kf8 86. Rd7 Ne7 87. d5 Rc2+ 88. Kg3 h2 89. d6 Ng8 90. Nh7+ 0-1

[Event "4th GRENKE Open 2019"]
[Site "Karlsruhe"]
[Date "2019.04.21"]
[Round "6.5"]
[White "Fridman, Daniel"]
[Black "Pavlidis, Antonios"]
[Result "1-0"]
[WhiteElo "2629"]
[BlackElo "2537"]
[Annotator "ChessBase"]
[PlyCount "79"]
[EventDate "2019.04.18"]
[EventType "swiss"]
[EventCountry "GER"]
[SourceTitle "playchess.com"]
[Source "ChessBase"]
[SourceQuality "1"]

1. d4 Nf6 2. c4 g6 3. Nc3 Bg7 4. e4 d6 5. Nf3 O-O 6. Be2 e5 7. O-O Nc6 8. d5 Ne7 9. Ne1 Nd7 10. Nd3 f5 11. f3 f4 12. Bd2 g5 13. Rc1 Rf6 14. b4 Rg6 15. c5 Nf6 16. Nf2 h5 17. h3 a6 18. a4 b6 19. Nb1 Kh8 20. Na3 Neg8 21. cxd6 cxd6 22. Rc6 g4 23. Nc4 gxh3 24. Nxd6 Nh6 25. Nxc8 Rxg2+ 26. Kh1 Rxc8 27. Be1 Rg3 28. Qc1 Ra8 29. Nd3 Rg2 30. Bf2 h4 31. Nxe5 Qe8 32. Qxf4 Nh5 33. Rxh6+ Kg8 34. Rxh5 Qxh5 35. Ng4 Qg6 36. Qf5 Qxf5 37. exf5 Rc8 38. Bxa6 Rc3 39. d6 Rc2 40. Rd1 1-0

[Event "4th GRENKE Open 2019"]
[Site "Karlsruhe"]
[Date "2019.04.21"]
[Round "6.6"]
[White "Malakhatko, Vadim"]
[Black "Sethuraman, S.P."]
[Result "1/2-1/2"]
[WhiteElo "2508"]
[BlackElo "2624"]
[Annotator "ChessBase"]
[PlyCount "178"]
[EventDate "2019.04.18"]
[EventType "swiss"]
[EventCountry "GER"]
[SourceTitle "playchess.com"]
[Source "ChessBase"]
[SourceQuality "1"]

1. Nf3 d6 2. d4 g6 3. c4 f5 4. Nc3 Nf6 5. g3 Bg7 6. Bg2 O-O 7. O-O c6 8. b3 Na6 9. Bb2 Qc7 10. d5 e5 11. dxe6 Bxe6 12. Ng5 Bc8 13. Qc2 h6 14. Nf3 Nc5 15. b4 Ncd7 16. Nb1 Re8 17. e3 a5 18. a3 Ne5 19. Nbd2 Be6 20. h3 Bf7 21. Rfd1 Qe7 22. Bd4 Nfd7 23. Ne1 g5 24. Nd3 Bg6 25. Nxe5 Nxe5 26. f4 Nd7 27. Nf1 Bxd4 28. exd4 Qg7 29. b5 cxb5 30. cxb5 Nf6 31. Qc4+ Kh7 32. fxg5 hxg5 33. Rac1 Re7 34. Re1 Rae8 35. Rxe7 Rxe7 36. b6 f4 37. Qb5 Kh6 38. Qxa5 Ne4 39. Qb4 Qf6 40. gxf4 gxf4 41. Qb3 Qxd4+ 42. Kh2 Qe5 43. Kg1 Qd4+ 44. Kh2 Nc5 45. Qc3 Qxc3 46. Rxc3 Re2 47. Kg1 Be4 48. Bxe4 Nxe4 49. Rd3 Rb2 50. a4 Rxb6 51. Nd2 Nxd2 52. Rxd2 Kg5 53. Rd5+ Kf6 54. Kf2 Ke6 55. Rg5 Ra6 56. Rb5 Rxa4 57. Rxb7 Ra3 58. Rh7 d5 59. Rh8 Kf5 60. Rf8+ Ke4 61. Re8+ Kd4 62. Rh8 Rg3 63. h4 Ke4 64. h5 Ra3 65. Re8+ Kf5 66. h6 Rh3 67. Rf8+ Ke4 68. Re8+ Kd3 69. Rh8 d4 70. Kg2 Rg3+ 71. Kf2 Rg6 72. Kf3 Rf6 73. Rh7 Rf5 74. Rc7 Rh5 75. Rh7 Rh4 76. Rh8 Kd2 77. Rd8 d3 78. Rd6 Kc2 79. Rc6+ Kd1 80. Rd6 d2 81. Re6 Kc2 82. Rc6+ Kd1 83. Re6 Rh3+ 84. Kxf4 Kc2 85. Rc6+ Kd3 86. Rd6+ Ke2 87. Kg5 Rxh6 88. Kxh6 d1=Q 89. Rxd1 Kxd1 1/2-1/2

[Event "4th GRENKE Open 2019"]
[Site "Karlsruhe"]
[Date "2019.04.21"]
[Round "6.7"]
[White "Predojevic, Borki"]
[Black "Dann, Matthias"]
[Result "1/2-1/2"]
[WhiteElo "2621"]
[BlackElo "2520"]
[Annotator "ChessBase"]
[PlyCount "27"]
[EventDate "2019.04.18"]
[EventType "swiss"]
[EventCountry "GER"]
[SourceTitle "playchess.com"]
[Source "ChessBase"]
[SourceQuality "1"]

1. e4 e6 2. d4 d5 3. Nd2 c5 4. Ngf3 cxd4 5. Nxd4 Nc6 6. Bb5 Bd7 7. Nxc6 bxc6 8. Bd3 Qc7 9. Qe2 Ne7 10. b3 Ng6 11. g3 Be7 12. Bb2 O-O 13. f4 c5 14. c4 1/2-1/2

[Event "4th GRENKE Open 2019"]
[Site "Karlsruhe"]
[Date "2019.04.21"]
[Round "6.8"]
[White "Baldauf, Marco"]
[Black "Esipenko, Andrey"]
[Result "1/2-1/2"]
[WhiteElo "2493"]
[BlackElo "2616"]
[Annotator "ChessBase"]
[PlyCount "69"]
[EventDate "2019.04.18"]
[EventType "swiss"]
[EventCountry "GER"]
[SourceTitle "playchess.com"]
[Source "ChessBase"]
[SourceQuality "1"]

1. d4 Nf6 2. c4 g6 3. f3 Nc6 4. d5 Ne5 5. e4 d6 6. Nc3 Bg7 7. f4 Ned7 8. Nh3 O-O 9. Be2 e5 10. dxe6 fxe6 11. Be3 b6 12. O-O Bb7 13. Bf3 Nc5 14. Qc2 Rb8 15. b4 Ncd7 16. Rae1 Qe7 17. a3 Kh8 18. Bd2 Ng8 19. Qc1 Rbe8 20. Ng5 Ba6 21. Bg4 Bxc4 22. Nd5 exd5 23. exd5 Ne5 24. Rxe5 dxe5 25. Qxc4 Nf6 26. Be6 exf4 27. Rxf4 h6 28. Nf3 Kh7 29. Rh4 Ng8 30. d6 cxd6 31. Bxg8+ Rxg8 32. Ng5+ Kh8 33. Nf7+ Kh7 34. Ng5+ Kh8 35. Nf7+ 1/2-1/2

[Event "4th GRENKE Open 2019"]
[Site "Karlsruhe"]
[Date "2019.04.21"]
[Round "6.9"]
[White "Heimann, Andreas"]
[Black "Arjun Kalyan"]
[Result "1-0"]
[WhiteElo "2616"]
[BlackElo "2445"]
[Annotator "RC"]
[PlyCount "117"]
[EventDate "2019.04.18"]
[EventType "swiss"]
[EventCountry "GER"]
[SourceTitle "playchess.com"]
[Source "ChessBase"]
[SourceQuality "1"]

1. e4 e5 2. Nf3 Nc6 3. Bb5 a6 4. Ba4 Nf6 5. O-O Be7 6. Re1 b5 7. Bb3 d6 8. a4 Bd7 9. c3 O-O 10. d4 Qb8 11. h3 h6 12. Nbd2 Re8 13. Nf1 Bf8 14. Ng3 Na5 15. Bc2 b4 16. cxb4 Nc6 17. dxe5 dxe5 18. Nh5 Nxh5 19. Qxd7 Nxb4 20. Bb3 Re7 21. Qd1 Nf6 22. Bc4 Qb7 23. Qb3 c5 24. Bd2 Nc6 25. Qxb7 Rxb7 26. Bc3 Bd6 27. Nh4 Nd4 28. Nf5 Bc7 29. Rad1 a5 30. Rd3 Re8 31. Rg3 Nh5 32. Nxh6+ Kh7 33. Rg5 gxh6 34. Rxh5 Kg6 35. Rh4 h5 36. Bd5 Ra7 37. Rxh5 Bd8 38. g4 Nf3+ 39. Kf1 Nxe1 40. Kxe1 f6 41. h4 Rh7 42. Rxh7 Kxh7 43. Ke2 c4 44. Bxc4 Bb6 45. Bd5 Rb8 46. g5 fxg5 47. hxg5 Rf8 48. f3 Bc7 49. b4 axb4 50. Bxb4 Rb8 51. Bc3 Kg6 52. a5 Rb5 53. a6 Bb6 54. Bxe5 Ra5 55. f4 Rxa6 56. Kf3 Kh5 57. Bf7+ Kh4 58. g6 Ra3+ 59. Ke2 1-0

[Event "4th GRENKE Open 2019"]
[Site "Karlsruhe"]
[Date "2019.04.21"]
[Round "6.10"]
[White "Sonis, Francesco"]
[Black "Bluebaum, Matthias"]
[Result "1/2-1/2"]
[WhiteElo "2467"]
[BlackElo "2610"]
[Annotator "ChessBase"]
[PlyCount "62"]
[EventDate "2019.04.18"]
[EventType "swiss"]
[EventCountry "GER"]
[SourceTitle "playchess.com"]
[Source "ChessBase"]
[SourceQuality "1"]

1. c4 c6 2. Nf3 d5 3. g3 Nf6 4. Bg2 dxc4 5. O-O Nbd7 6. Qc2 Nb6 7. Na3 g6 8. Nxc4 Nxc4 9. Qxc4 Bg7 10. d3 O-O 11. Bd2 Nd5 12. Qc1 Qb6 13. Rb1 a5 14. b4 axb4 15. e4 Nc7 16. Bxb4 Qa6 17. d4 Qxa2 18. d5 Re8 19. dxc6 bxc6 20. Qxc6 Ra7 21. Bc5 Qa4 22. Rb6 Bd7 23. Qxa4 Rxa4 24. Rd1 Bg4 25. h3 Bxf3 26. Bxf3 Ne6 27. Be3 Bd4 28. Rxe6 Bxe3 29. Rc6 Bd4 30. Rd2 Rb8 31. Kg2 Kg7 1/2-1/2

[Event "4th GRENKE Open 2019"]
[Site "Karlsruhe"]
[Date "2019.04.21"]
[Round "6.11"]
[White "Ter-Sahakyan, Samvel"]
[Black "Spyropoulos, Nikolaos"]
[Result "1-0"]
[WhiteElo "2601"]
[BlackElo "2400"]
[Annotator "ChessBase"]
[PlyCount "67"]
[EventDate "2019.04.18"]
[EventType "swiss"]
[EventCountry "GER"]
[SourceTitle "playchess.com"]
[Source "ChessBase"]
[SourceQuality "1"]

1. e4 Nf6 2. e5 Nd5 3. d4 d6 4. Nf3 dxe5 5. Nxe5 c6 6. Be2 Bf5 7. O-O Nd7 8. Nf3 e6 9. c4 N5f6 10. Bf4 Nh5 11. Be3 Bd6 12. d5 Qc7 13. Nc3 Nhf6 14. h3 O-O 15. Nd4 Rfe8 16. Bf3 Ne5 17. c5 Nxf3+ 18. Nxf3 Bf8 19. d6 Qa5 20. a3 Nd5 21. b4 Qd8 22. Qd2 f6 23. Nxd5 exd5 24. Nd4 Bg6 25. Rfe1 Qd7 26. f3 Re5 27. Bf4 Rae8 28. Bxe5 fxe5 29. Nb3 Bf7 30. Qg5 e4 31. Nd4 g6 32. Qg4 Qxg4 33. hxg4 Bg7 34. Rad1 1-0

[Event "4th GRENKE Open 2019"]
[Site "Karlsruhe"]
[Date "2019.04.21"]
[Round "6.12"]
[White "Petrov, Martin"]
[Black "Papp, Gabor"]
[Result "1/2-1/2"]
[WhiteElo "2465"]
[BlackElo "2598"]
[Annotator "ChessBase"]
[PlyCount "87"]
[EventDate "2019.04.18"]
[EventType "swiss"]
[EventCountry "GER"]
[SourceTitle "playchess.com"]
[Source "ChessBase"]
[SourceQuality "1"]

1. e4 c5 2. Nf3 Nc6 3. d4 cxd4 4. Nxd4 g6 5. Nc3 Bg7 6. Be3 Nf6 7. Bc4 O-O 8. Bb3 Re8 9. Nxc6 dxc6 10. Qxd8 Rxd8 11. f3 b6 12. Kf2 Nd7 13. Rhd1 Ba6 14. Rd2 Ne5 15. Rxd8+ Rxd8 16. Rd1 Rxd1 17. Nxd1 Nc4 18. Bxc4 Bxc4 19. b3 Be6 20. Ke2 Be5 21. h3 f6 22. Nf2 Bc7 23. Nd3 Bd7 24. a4 Kf7 25. a5 e5 26. Nb2 Bc8 27. axb6 axb6 28. Na4 b5 29. Nc5 f5 30. b4 Kf6 31. Bd2 Bd6 32. Bc3 Ke7 33. Nd3 fxe4 34. fxe4 Kf6 35. Nc5 Bc7 36. Kf3 h5 37. Bb2 Ke7 38. Bc1 Kd6 39. Bh6 Ke7 40. Bg5+ Kf7 41. c3 Bd6 42. h4 Bg4+ 43. Ke3 Bxc5+ 44. bxc5 1/2-1/2

[Event "4th GRENKE Open 2019"]
[Site "Karlsruhe"]
[Date "2019.04.21"]
[Round "6.13"]
[White "Domingo Nunez, Alejandro"]
[Black "Van Foreest, Jorden"]
[Result "0-1"]
[WhiteElo "2396"]
[BlackElo "2598"]
[Annotator "ChessBase"]
[PlyCount "76"]
[EventDate "2019.04.18"]
[EventType "swiss"]
[EventCountry "GER"]
[SourceTitle "playchess.com"]
[Source "ChessBase"]
[SourceQuality "1"]

1. e4 c5 2. Nf3 e6 3. d4 cxd4 4. Nxd4 Nc6 5. Nc3 Qc7 6. Be3 a6 7. a3 Nf6 8. f4 d6 9. Qf3 Be7 10. O-O-O O-O 11. Rg1 Nxd4 12. Rxd4 e5 13. Rd2 Bg4 14. Qf2 Bd7 15. Be2 Bc6 16. Bf3 b5 17. g4 exf4 18. Bb6 Qb7 19. Nd5 Bxd5 20. exd5 b4 21. axb4 Nd7 22. Bd4 Qxb4 23. Bc3 Qa4 24. Rd4 Qa2 25. g5 Bd8 26. Rb4 Ba5 27. Qd4 Ne5 28. Ra4 Bb6 29. Qxe5 dxe5 30. Rxa2 Bxg1 31. Bxe5 Rae8 32. Bd6 Re1+ 33. Kd2 Rfe8 34. Bxf4 Rf1 35. Ra3 Bf2 36. c4 Bd4 37. d6 Bxb2 38. Rd3 Bc1+ 0-1

[Event "4th GRENKE Open 2019"]
[Site "Karlsruhe"]
[Date "2019.04.21"]
[Round "6.14"]
[White "Schitco, Ivan"]
[Black "Bacrot, Etienne"]
[Result "1/2-1/2"]
[WhiteElo "2424"]
[BlackElo "2683"]
[Annotator "TA"]
[PlyCount "109"]
[EventDate "2019.04.18"]
[EventType "swiss"]
[EventCountry "GER"]
[SourceTitle "playchess.com"]
[Source "ChessBase"]
[SourceQuality "1"]

1. d4 Nf6 2. c4 g6 3. Nc3 Bg7 4. e4 d6 5. Nge2 O-O 6. Ng3 h5 7. Be2 Nbd7 8. O-O e5 9. d5 h4 10. Nh1 Nh7 11. Be3 f5 12. exf5 gxf5 13. f4 exf4 14. Bxf4 Ne5 15. Qd2 Bd7 16. Nf2 Qf6 17. Rae1 Kh8 18. Kh1 Ng6 19. Bh6 Bxh6 20. Qxh6 Ne5 21. Qf4 Rg8 22. Nh3 Rg7 23. Nd1 Re8 24. Ndf2 Reg8 25. Rg1 Rf8 26. Bh5 Rg4 27. Bxg4 fxg4 28. Qxf6+ Rxf6 29. Ne4 gxh3 30. Nxf6 Nxf6 31. Rgf1 hxg2+ 32. Kxg2 Kg7 33. h3 Kg6 34. b3 b5 35. Rc1 bxc4 36. bxc4 Bf5 37. Rfd1 Bd3 38. c5 Nxd5 39. Kf2 Be4 40. cxd6 cxd6 41. Rxd5 Bxd5 42. Rd1 Be4 43. Rxd6+ Kg5 44. Ra6 Nc6 45. Ke3 Bg2 46. Kf2 Be4 47. Ke3 Bd5 48. a3 Bg2 49. Kf2 Be4 50. Ke3 Bd5 51. Ra4 Be6 52. Ra6 Bd7 53. Kf2 Ne5 54. Rxa7 Bxh3 55. Ra5 1/2-1/2

[Event "4th GRENKE Open 2019"]
[Site "Karlsruhe"]
[Date "2019.04.21"]
[Round "6.15"]
[White "Inkiov, Ventzislav"]
[Black "Banusz, Tamas"]
[Result "1/2-1/2"]
[WhiteElo "2421"]
[BlackElo "2614"]
[Annotator "ChessBase"]
[PlyCount "50"]
[EventDate "2019.04.18"]
[EventType "swiss"]
[EventCountry "GER"]
[SourceTitle "playchess.com"]
[Source "ChessBase"]
[SourceQuality "1"]

1. d4 d5 2. c4 c6 3. cxd5 cxd5 4. Nc3 Nf6 5. Bf4 Nc6 6. e3 Bf5 7. Qb3 Na5 8. Bb5+ Bd7 9. Bxd7+ Qxd7 10. Qb5 Nc6 11. Nf3 e6 12. O-O a6 13. Qb6 Be7 14. Rac1 O-O 15. Ne5 Nxe5 16. Bxe5 Rfc8 17. Ne2 Ne4 18. Rfd1 Bd8 19. Qb4 f6 20. Bg3 a5 21. Qb3 b5 22. Qd3 b4 23. f3 Nxg3 24. hxg3 Qa4 25. Kf2 Qd7 1/2-1/2

[Event "4th GRENKE Open 2019"]
[Site "Karlsruhe"]
[Date "2019.04.21"]
[Round "6.16"]
[White "Cukrowski, Filip"]
[Black "Tabatabaei, M.amin"]
[Result "0-1"]
[WhiteElo "2421"]
[BlackElo "2612"]
[Annotator "ChessBase"]
[PlyCount "164"]
[EventDate "2019.04.18"]
[EventType "swiss"]
[EventCountry "GER"]
[SourceTitle "playchess.com"]
[Source "ChessBase"]
[SourceQuality "1"]

1. e4 c5 2. Nf3 d6 3. d4 cxd4 4. Nxd4 Nf6 5. Nc3 Nc6 6. Bg5 e6 7. Qd2 a6 8. O-O-O Be7 9. f4 Bd7 10. Nf3 b5 11. e5 b4 12. exf6 bxc3 13. Qxc3 gxf6 14. Kb1 a5 15. Nd4 fxg5 16. Nxc6 Bf6 17. Nxd8 Bxc3 18. Nxf7 Kxf7 19. bxc3 gxf4 20. Rxd6 Ke7 21. Rb6 Rab8 22. Rxb8 Rxb8+ 23. Kc1 Bc6 24. Rg1 Rg8 25. g4 e5 26. g5 e4 27. Rg4 f3 28. Kd2 Rd8+ 29. Ke3 Rd1 30. Ba6 Kd6 31. Rh4 Rg1 32. Rh5 Kc7 33. h4 Kb6 34. Rh6 Re1+ 35. Kf2 Rc1 36. a4 Rxc2+ 37. Kg3 Kc5 38. Rxh7 e3 39. Re7 Rg2+ 40. Kf4 e2 41. h5 Rh2 42. Kg4 Kd6 43. Re3 Rh1 44. Bxe2 fxe2 45. Rxe2 Bd7+ 46. Kf4 Rh4+ 47. Ke3 Rxh5 48. Rg2 Bxa4 49. g6 Bb3 50. g7 Bg8 51. Rg6+ Ke7 52. Ra6 Kf7 53. Ra7+ Kf6 54. Kd4 Bf7 55. c4 Kxg7 56. Rc7 Kf6 57. Rc5 Rh4+ 58. Kc3 Rh3+ 59. Kd4 a4 60. Rc6+ Ke7 61. Kc5 Be8 62. Ra6 Bd7 63. Ra7 Rb3 64. Kd5 Rb1 65. c5 Rc1 66. Ra8 Rd1+ 67. Kc4 Bc6 68. Ra6 Kd7 69. Ra7+ Kc8 70. Kb4 Rb1+ 71. Kc3 Kb8 72. Ra6 Kc7 73. Ra7+ Kc8 74. Ra6 Kd7 75. Kd4 Rb4+ 76. Kc3 Rh4 77. Kb2 Rh3 78. Kc2 Rh5 79. Ra5 Ke6 80. Kc3 Rh3+ 81. Kd4 Rh4+ 82. Kc3 Kd5 0-1

[Event "4th GRENKE Open 2019"]
[Site "Karlsruhe"]
[Date "2019.04.21"]
[Round "6.17"]
[White "Van Wely, Loek"]
[Black "Low, Zhen Yu Cyrus"]
[Result "1/2-1/2"]
[WhiteElo "2612"]
[BlackElo "2418"]
[Annotator "ChessBase"]
[PlyCount "138"]
[EventDate "2019.04.18"]
[EventType "swiss"]
[EventCountry "GER"]
[SourceTitle "playchess.com"]
[Source "ChessBase"]
[SourceQuality "1"]

1. c4 g6 2. Nf3 Nf6 3. g3 Bg7 4. Bg2 d5 5. d4 dxc4 6. Na3 O-O 7. O-O Nc6 8. Nxc4 Be6 9. b3 Bd5 10. Bb2 a5 11. a4 Nb4 12. Re1 c6 13. e3 Be4 14. Re2 Qc7 15. Rd2 Bd5 16. Qe2 b5 17. axb5 cxb5 18. Na3 Bxb3 19. Ne5 Rac8 20. Nxb5 Qb6 21. Nc3 Rfd8 22. Na4 Bxa4 23. Rxa4 Nd7 24. Nf3 Rb8 25. h4 Rdc8 26. Ra1 Qd8 27. Bh3 e6 28. Ng5 Rc6 29. Bg2 Rcc8 30. d5 Bxb2 31. dxe6 Bxa1 32. Rxd7 Qxd7 33. exd7 Rd8 34. Bh3 h6 35. Ne4 a4 36. Qd1 Bg7 37. Qxa4 Nd3 38. Qa5 Ne5 39. Qc7 h5 40. Nc5 Bf6 41. Kg2 Rf8 42. Qd6 Bg7 43. Ne4 Rfd8 44. Qc7 Rf8 45. Nd6 Bf6 46. Nc8 Ra8 47. Qb7 Ra3 48. Nd6 Raa8 49. Qd5 Rab8 50. Kh2 Rbd8 51. f4 Nxd7 52. Ne4 Rfe8 53. Bxd7 Bg7 54. Qc6 Rxd7 55. Qxd7 Rxe4 56. Qd3 f5 57. Kg2 Kh7 58. Kf3 Re6 59. Qd7 Re4 60. Qf7 Rb4 61. Ke2 Rb2+ 62. Kf3 Rb4 63. Qd7 Rc4 64. g4 hxg4+ 65. Kg3 Re4 66. Kf2 g3+ 67. Kf3 g2 68. Qd1 Bf8 69. h5 Rxe3+ 1/2-1/2